[Event "DM 2013"]
[Site "Helsingor"]
[Date "2013.03.29"]
[Round "2"]
[White "Bjorneboe, Kristian"]
[Black "Roerholt, Leif"]
[Result "0-1"]
[WhiteElo "1971"]
[BlackElo "1844"]
[PlyCount "80"]
[EventDate "2013.??.??"]
[EventRounds "9"]
[EventCountry "DEN"]

1. d4 d5 2. Nf3 Nf6 3. e3 e6 4. Bd3 Bd6 5. Nbd2 Nbd7 6. O-O O-O 7. Qe2 e5 8.
dxe5 Nxe5 9. Nxe5 Bxe5 10. Nf3 Bd6 11. b3 Bg4 12. h3 Bh5 13. Bb2 Bg6 14. c4
Bxd3 15. Qxd3 dxc4 16. Qxc4 Qe7 17. Rfd1 Rae8 18. Rac1 Nd7 19. Qd4 Nf6 20. Qxa7
Ra8 21. Qxb7 Rxa2 22. Rc2 Raa8 23. Qb5 Rfb8 24. Qd3 Ne4 25. Qd4 Nf6 26. Ne5
Rxb3 27. Ng4 Ra2 28. Nxf6+ Qxf6 29. Qg4 Rbxb2 30. Qc8+ Bf8 31. Rd8 Qe7 32. Rxc7
Rb1+ 33. Kh2 Qe5+ 34. f4 Rxg2+ 35. Kxg2 Qe4+ 36. Kf2 Rb2+ 37. Kg3 Qxe3+ 38. Kg4
Rg2+ 39. Kh4 Qxf4+ 40. Kh5 g6# 0-1

[Event "DM 2013"]
[Site "Helsingor"]
[Date "2013.03.29"]
[Round "4"]
[White "Bjorneboe, Kristian"]
[Black "Hansen, Erik Olsgaard"]
[Result "0-1"]
[WhiteElo "1971"]
[BlackElo "1961"]
[PlyCount "98"]
[EventDate "2013.??.??"]
[EventRounds "9"]
[EventCountry "DEN"]

1. d4 Nf6 2. Nf3 e6 3. Nbd2 d5 4. e3 b6 5. Ne5 Bb7 6. Bb5+ c6 7. Bd3 Bd6 8. f4
O-O 9. O-O c5 10. c3 cxd4 11. exd4 Ba6 12. Bxa6 Nxa6 13. Rf3 Nb8 14. Rh3 Nbd7
15. Qe1 Re8 16. Ndf3 Ne4 17. Ng5 Nxg5 18. fxg5 Bxe5 19. dxe5 Qc7 20. Bf4 Qc4
21. Qh4 Qe4 22. Re1 Qc2 23. Rc1 Qe4 24. Re1 Qg6 25. Rf1 Rac8 26. Rhf3 Rc4 27.
Qg3 Rf8 28. Be3 Re4 29. Bd4 Re2 30. Qf4 Nxe5 31. Bxe5 Rxe5 32. h4 h6 33. Qg3
Re2 34. gxh6 Qxh6 35. Qc7 Qg6 36. Rg3 Qh5 37. Qxa7 Qxh4 38. Rgf3 Qg5 39. R1f2
Qc1+ 40. Kh2 Re1 41. Qe7 Rh1+ 42. Kg3 Qh6 43. Rf4 Qh2+ 44. Kf3 Qh5+ 45. g4 Rh3+
46. Ke2 Qg6 47. Qb4 Qc2+ 48. Ke1 Qc1+ 49. Ke2 Re3# 0-1

[Event "DM 2013"]
[Site "Helsingor"]
[Date "2013.03.29"]
[Round "3"]
[White "Bjerre, Jonas"]
[Black "Larsen, Vagn"]
[Result "1-0"]
[WhiteElo "1689"]
[BlackElo "1652"]
[PlyCount "77"]
[EventDate "2013.??.??"]
[EventRounds "9"]
[EventCountry "DEN"]

1. e4 c5 2. Nc3 Nc6 3. Bb5 d6 4. Bxc6+ bxc6 5. f4 g6 6. Nf3 Bg7 7. O-O Nf6 8.
d3 O-O 9. h3 Qb6 10. Kh1 Rb8 11. Qe1 Qc7 12. Rb1 h6 13. Bd2 Bd7 14. Qh4 Nh5 15.
b3 Bf6 16. Qe1 Bg7 17. Ne2 Kh7 18. g4 Nf6 19. Qh4 Ng8 20. f5 Qd8 21. Ng5+ Kh8
22. fxg6 fxg6 23. Nf7+ Rxf7 24. Rxf7 Bf6 25. g5 Qe8 26. Rxf6 exf6 27. gxf6 h5
28. Rf1 Qf7 29. Bf4 Qxf6 30. Qxf6+ Nxf6 31. Bxd6 Rg8 32. Rxf6 Bxh3 33. Nf4 Bg4
34. Rxg6 Bd1 35. Rxg8+ Kxg8 36. c3 Kf7 37. e5 Kg7 38. Bxc5 a6 39. e6 1-0

[Event "DM 2013"]
[Site "Helsingor"]
[Date "2013.03.29"]
[Round "2"]
[White "Bjerre, Jonas"]
[Black "Haarup, Anders"]
[Result "1/2-1/2"]
[WhiteElo "1689"]
[BlackElo "1484"]
[PlyCount "51"]
[EventDate "2013.??.??"]
[EventRounds "9"]
[EventCountry "DEN"]

1. e4 e5 2. Bc4 d6 3. Nf3 f5 4. d3 Nc6 5. O-O Na5 6. Bb3 Nxb3 7. axb3 Nf6 8.
Re1 f4 9. d4 Bg4 10. Qd3 Bxf3 11. Qxf3 h5 12. dxe5 dxe5 13. Qc3 Bd6 14. Bxf4
exf4 15. e5 O-O 16. exd6 Qxd6 17. Na3 c6 18. Rad1 Qb8 19. Re7 Re8 20. Qc4+ Kh8
21. Rf7 Re4 22. Qc3 Qe8 23. Rxb7 Rd8 24. Rxd8 Qxd8 25. h3 Qd1+ 26. Kh2 1/2-1/2

[Event "DM 2013"]
[Site "Helsingor"]
[Date "2013.03.29"]
[Round "5"]
[White "Bjerre, Jonas"]
[Black "Clausen, Hansjorgen"]
[Result "1/2-1/2"]
[WhiteElo "1689"]
[BlackElo "1700"]
[PlyCount "83"]
[EventDate "2013.??.??"]
[EventRounds "9"]
[EventCountry "DEN"]

1. e4 b6 2. d4 e6 3. Nc3 Bb7 4. Be3 Nf6 5. f3 d6 6. Qd2 Nbd7 7. O-O-O c6 8.
Nge2 Be7 9. g4 h6 10. Bg2 Qc7 11. h4 O-O-O 12. g5 hxg5 13. hxg5 Rxh1 14. Rxh1
Ne8 15. d5 exd5 16. exd5 c5 17. Nb5 Qb8 18. Bh3 a6 19. Nbc3 Qa8 20. Nf4 Bxg5
21. Na4 Qa7 22. Nc3 Bxf4 23. Bxf4 Kc7 24. Re1 Ne5 25. Bxe5 dxe5 26. Rxe5 Kb8
27. Qf4 Ka8 28. Qxf7 Nd6 29. Qxg7 Qb8 30. b3 Rg8 31. Qd7 Rd8 32. Qg4 Bc8 33.
Qg2 Bxh3 34. Qxh3 Rh8 35. Qg2 Nb5 36. Re3 Qf4 37. Qd2 Nxc3 38. Qxc3 Re8 39. Kd2
Qh2+ 40. Kd3 Qh7+ 41. Re4 Kb7 42. Ke3 1/2-1/2

[Event "DM 2013"]
[Site "Helsingor"]
[Date "2013.03.29"]
[Round "1"]
[White "Andersen, Kirsten-Johanne"]
[Black "Petersen, Torben William"]
[Result "1/2-1/2"]
[WhiteElo "1497"]
[BlackElo "1396"]
[PlyCount "88"]
[EventDate "2013.??.??"]
[EventRounds "9"]
[EventCountry "DEN"]

1. e4 e6 2. Nf3 c5 3. d4 cxd4 4. Nxd4 Bc5 5. c3 Qb6 6. Na3 Bxa3 7. bxa3 Ne7 8.
Bd3 d5 9. O-O O-O 10. Rb1 Qd8 11. e5 a6 12. Bg5 Qd7 13. f4 Nbc6 14. Nf3 b5 15.
Kh1 Bb7 16. Qc2 Ng6 17. f5 exf5 18. Bxf5 Qe8 19. Rbe1 Bc8 20. Qd3 Bxf5 21. Qxf5
Qe6 22. Qc2 Rac8 23. Qd2 Rfd8 24. Bxd8 Rxd8 25. Nd4 Qe8 26. e6 f6 27. Nf5 Nce5
28. Nd4 Nf8 29. Re2 Nxe6 30. Rfe1 Ng5 31. Qf4 Qf8 32. Qc1 Nd3 33. Qd2 Nxe1 34.
Qxe1 Rc8 35. Nf5 Ne4 36. Re3 Qxa3 37. c4 Qf8 38. cxd5 Nd6 39. Nxd6 Qxd6 40.
Re8+ Rxe8 41. Qxe8+ Qf8 42. Qe6+ Qf7 43. Qc6 Qe7 44. h3 Qe1+ 1/2-1/2

[Event "DM 2013"]
[Site "Helsingor"]
[Date "2013.03.29"]
[Round "3"]
[White "Aalbak, Kurt F. N."]
[Black "Johansen, Jorgen"]
[Result "0-1"]
[WhiteElo "1413"]
[BlackElo "1272"]
[PlyCount "50"]
[EventDate "2013.??.??"]
[EventRounds "9"]
[EventCountry "DEN"]

1. d4 d5 2. c4 c6 3. e3 Bf5 4. Nc3 Nf6 5. Bd3 Bxd3 6. Qxd3 e6 7. a3 Be7 8. f4
O-O 9. Nf3 Nbd7 10. O-O Rc8 11. h3 Nb6 12. b3 c5 13. a4 dxc4 14. bxc4 cxd4 15.
Nb5 a6 16. Nbxd4 Nxc4 17. Bd2 Nxd2 18. Qxd2 Qd5 19. Rfd1 Ne4 20. Qb2 Nc5 21. a5
Qe4 22. Rab1 Qxe3+ 23. Kh2 Qxf4+ 24. g3 Qb8 25. Qg2 Ne4 0-1

[Event "DM 2013"]
[Site "Helsingor"]
[Date "2013.03.29"]
[Round "1"]
[White "Aalbak, Kurt F. N."]
[Black "Bjerre, Jonas"]
[Result "0-1"]
[WhiteElo "1413"]
[BlackElo "1689"]
[PlyCount "92"]
[EventDate "2013.??.??"]
[EventRounds "9"]
[EventCountry "DEN"]

1. d4 d5 2. c4 dxc4 3. Qa4+ Bd7 4. Qxc4 Nf6 5. Qc2 e6 6. a3 Nc6 7. e3 Bd6 8. f4
O-O 9. Nf3 h6 10. Bd3 Nd5 11. Bd2 Rc8 12. O-O Nb8 13. Ne5 c5 14. Nc3 cxd4 15.
exd4 Qb6 16. Nxd5 Qxd4+ 17. Be3 Qxd5 18. Qd2 Bxe5 19. fxe5 Qxe5 20. Bxa7 Nc6
21. Bf2 Rfd8 22. Bb6 Re8 23. Rae1 Qd5 24. Qe3 e5 25. Rc1 Nd4 26. Rxc8 Rxc8 27.
Bxd4 Qxd4 28. Qxd4 exd4 29. Rf4 Be6 30. Rxd4 Kf8 31. Be4 b5 32. Rd6 Bc4 33. Kf2
Ke7 34. Rb6 Rc5 35. Ke3 f5 36. Kd4 fxe4 37. Kxc5 e3 38. Rg6 e2 39. Rxg7+ Kf6
40. Rg3 e1=Q 41. Rf3+ Ke5 42. b3 Bd5 43. Rd3 Qe4 44. Rc3 Qd4+ 45. Kxb5 Qxc3 46.
Ka4 Bc6# 0-1

[Event "DM 2013"]
[Site "Helsingor"]
[Date "2013.03.30"]
[Round "5"]
[White "Thybo, Thomas"]
[Black "Brogaard, Lars"]
[Result "1-0"]
[WhiteElo "1492"]
[BlackElo "1670"]
[PlyCount "27"]
[EventDate "2013.??.??"]
[EventRounds "9"]
[EventCountry "DEN"]

1. d4 g6 2. e4 Bg7 3. c4 d6 4. f4 Nh6 5. Nf3 O-O 6. Be2 c5 7. d5 f5 8. e5 e6 9.
Nc3 dxe5 10. fxe5 exd5 11. Qxd5+ Qxd5 12. cxd5 Nf7 13. Bf4 Rd8 14. O-O 1-0

[Event "DM 2013"]
[Site "Helsingor"]
[Date "2013.03.30"]
[Round "5"]
[White "Sorensen, Bernhard W"]
[Black "Raad, Mads Bonde"]
[Result "1-0"]
[WhiteElo "1527"]
[BlackElo "1688"]
[PlyCount "107"]
[EventDate "2013.??.??"]
[EventRounds "9"]
[EventCountry "DEN"]

1. e4 e6 2. b3 d5 3. Bb2 dxe4 4. Nc3 Nf6 5. Qe2 Be7 6. Nxe4 O-O 7. d4 Nc6 8.
O-O-O b6 9. g4 Bb7 10. f3 a5 11. Kb1 a4 12. h4 axb3 13. cxb3 Qd5 14. Nxf6+ Bxf6
15. Qc4 Qa5 16. a4 Rfd8 17. Bc3 Qd5 18. Qxd5 Rxd5 19. Bc4 Rd7 20. Ne2 Rad8 21.
d5 exd5 22. Bxf6 gxf6 23. Bb5 d4 24. Rhf1 Rd6 25. Ng3 Ne7 26. Ne4 Bxe4+ 27.
fxe4 c5 28. Bc4 Nc6 29. Rf5 Ne5 30. g5 Nxc4 31. bxc4 fxg5 32. Rxg5+ Rg6 33. Kb2
Re8 34. Rd5 Rxe4 35. a5 bxa5 36. Rxc5 Rxh4 37. Rxa5 Rc6 38. Kb3 Kg7 39. c5 h5
40. Kc4 Kf6 41. Kd5 Rc8 42. Ra6+ Ke7 43. Ra7+ Ke8 44. Re1+ Kf8 45. c6 d3 46.
Rd7 d2 47. Rd1 Rg4 48. Kc5 Rg6 49. c7 Ke8 50. R1xd2 Rg8 51. Kc6 Kf8 52. Rd8+
Kg7 53. Rg2+ Kh7 54. Rgxg8 1-0

[Event "DM 2013"]
[Site "Helsingor"]
[Date "2013.03.30"]
[Round "5"]
[White "Schjolin, John"]
[Black "Nielsen, Bjorn"]
[Result "0-1"]
[WhiteElo "1014"]
[BlackElo "1474"]
[PlyCount "184"]
[EventDate "2013.??.??"]
[EventRounds "9"]
[EventCountry "DEN"]

1. d4 d5 2. Nf3 Nf6 3. e3 e6 4. c4 dxc4 5. Bxc4 Bb4+ 6. Bd2 Bxd2+ 7. Qxd2 O-O
8. Nc3 Nc6 9. h3 Ne7 10. Bd3 Ng6 11. e4 h6 12. e5 Nd5 13. g3 b6 14. Be4 Nge7
15. a3 Bb7 16. Qe2 Rb8 17. Bc2 Qc8 18. O-O-O Nxc3 19. bxc3 c5 20. Qd3 Ng6 21.
Rhe1 Bxf3 22. Qxf3 cxd4 23. Rxd4 Qc5 24. Rc4 Qe7 25. Rb4 Qg5+ 26. Kb2 Nxe5 27.
Qe4 Ng6 28. h4 Qf5 29. Re2 Qxe4 30. Bxe4 Ne7 31. Rc4 Rbc8 32. Kb3 Rxc4 33. Kxc4
Rc8+ 34. Kb5 Rxc3 35. Rd2 Rc5+ 36. Ka6 Ra5+ 37. Kb7 Nd5 38. Kb8 Rxa3 39. Rc2
Rc3 40. Ra2 a5 41. Rd2 Rc5 42. Kb7 a4 43. Ka6 f5 44. Bxd5 Rxd5 45. Rb2 Rd6 46.
Kb5 Kf7 47. Kxa4 Kf6 48. f4 Rd5 49. Rxb6 Rd3 50. Rb3 Rd8 51. Kb4 Rb8+ 52. Kc4
Rc8+ 53. Kd4 Rd8+ 54. Ke3 g6 55. Rd3 Ra8 56. Kf3 Ke7 57. Rc3 Rd8 58. Re3 Rd4
59. Re5 h5 60. Re3 Kd6 61. Re5 Rd3+ 62. Kg2 Rd5 63. Re2 e5 64. Rxe5 Rxe5 65.
fxe5+ Kxe5 66. Kf3 Ke6 67. Kf4 Kf6 68. Kf3 g5 69. Kg2 g4 70. Kf2 Ke6 71. Kg2
Ke5 72. Kf2 Kd4 73. Ke2 Ke4 74. Kf2 Kd3 75. Kg2 Ke2 76. Kg1 Kf3 77. Kh2 Kf2 78.
Kh1 Kxg3 79. Kg1 Kxh4 80. Kg2 f4 81. Kf2 Kg5 82. Kg1 Kf5 83. Kf2 Ke4 84. Ke2 g3
85. Kf1 Kf3 86. Kg1 Ke2 87. Kg2 h4 88. Kh3 f3 89. Kxh4 g2 90. Kh3 g1=Q 91. Kh4
f2 92. Kh3 Kf3 0-1

[Event "DM 2013"]
[Site "Helsingor"]
[Date "2013.03.30"]
[Round "3"]
[White "Nissen, Jesper B"]
[Black "Andersen, Kirsten-Johanne"]
[Result "1/2-1/2"]
[WhiteElo "1497"]
[BlackElo "1497"]
[PlyCount "47"]
[EventDate "2013.??.??"]
[EventRounds "9"]
[EventCountry "DEN"]

1. d4 d5 2. Nf3 c6 3. c3 Nf6 4. Bf4 Nbd7 5. Nbd2 e6 6. e3 Nb6 7. Bg3 Be7 8. Bd3
h6 9. Qc2 a6 10. Ne5 O-O 11. h3 Nbd7 12. Ndf3 c5 13. O-O c4 14. Be2 Ne4 15. Bh2
Bd6 16. Kh1 Nb6 17. Nd2 Nf6 18. f4 Qc7 19. Ndf3 Bd7 20. Nd2 Bb5 21. Bd1 a5 22.
Qc1 a4 23. a3 Be8 24. Bc2 1/2-1/2

[Event "DM 2013"]
[Site "Helsingor"]
[Date "2013.03.30"]
[Round "5"]
[White "Jensen, Hans Askov"]
[Black "Jorgensen, Jens A. L."]
[Result "0-1"]
[WhiteElo "1569"]
[BlackElo "1087"]
[PlyCount "54"]
[EventDate "2013.??.??"]
[EventRounds "9"]
[EventCountry "DEN"]

1. e4 e6 2. d4 b6 3. Nf3 Bb7 4. Nc3 a6 5. Bd3 d5 6. e5 c5 7. Be3 c4 8. Be2 Ne7
9. Bg5 h6 10. Bh4 Qc7 11. Qd2 Nbc6 12. a3 Nf5 13. Nd1 Ncxd4 14. Nxd4 Nxh4 15.
Qf4 Ng6 16. Qg3 Qxe5 17. Qxe5 Nxe5 18. f4 Nd7 19. Bh5 g5 20. Bf3 Bc5 21. c3 O-O
22. Ne3 e5 23. Ndc2 Rfe8 24. O-O-O Rad8 25. Nxc4 e4 26. Bg4 f5 27. b4 Be7 0-1

[Event "DM 2013"]
[Site "Helsingor"]
[Date "2013.03.30"]
[Round "5"]
[White "Emborg, Jens"]
[Black "Jensen, Jonbert  M. S."]
[Result "0-1"]
[WhiteElo "1629"]
[BlackElo "1576"]
[PlyCount "78"]
[EventDate "2013.??.??"]
[EventRounds "9"]
[EventCountry "DEN"]

1. e4 d6 2. d4 Nf6 3. Nc3 g6 4. Nf3 Bg7 5. Be2 O-O 6. O-O c5 7. dxc5 dxc5 8.
Qxd8 Rxd8 9. Bc4 Nc6 10. Be3 Nd4 11. Ng5 e6 12. Bxd4 cxd4 13. Rad1 Ng4 14. Nf3
a6 15. Ne2 b5 16. Bb3 Bb7 17. Nfxd4 Ne5 18. f3 Rd6 19. c3 Rad8 20. Nf4 Nc4 21.
Bxc4 bxc4 22. e5 Bxe5 23. Nfe2 Bf6 24. f4 Bg7 25. g4 Be4 26. g5 Bd3 27. Kf2 e5
28. Nf3 e4 29. Ne5 Bxe5 30. fxe5 Re6 31. Rfe1 Rxe5 32. Nd4 Rxg5 33. Ke3 Rg2 34.
Rd2 Rxd2 35. Kxd2 Rd5 36. Re3 f5 37. Ke1 f4 38. Nc6 Rg5 39. Rh3 e3 0-1

[Event "DM 2013"]
[Site "Helsingor"]
[Date "2013.03.30"]
[Round "3"]
[White "Dithlevsen, Birgit"]
[Black "Petersen, Torben William"]
[Result "0-1"]
[WhiteElo "1533"]
[BlackElo "1396"]
[PlyCount "109"]
[EventDate "2013.??.??"]
[EventRounds "9"]
[EventCountry "DEN"]

1. e4 e6 2. d4 c5 3. Nf3 cxd4 4. Nxd4 Bc5 5. c3 Qb6 6. b4 Bxd4 7. Qxd4 Qxd4 8.
cxd4 Nc6 9. Bb2 Nxb4 10. Na3 a6 11. Bc3 a5 12. d5 Nf6 13. Bxf6 gxf6 14. d6 b6
15. f3 Bb7 16. Be2 Rc8 17. O-O Nc2 18. Nxc2 Rxc2 19. Kf2 Ba6 20. Rfe1 Rg8 21.
g3 Rg5 22. Kf1 Bxe2+ 23. Rxe2 Rgc5 24. Ke1 b5 25. h4 e5 26. Kd1 R2c3 27. Rd2
Rxf3 28. Ke2 Rxg3 29. Rb1 Rg4 30. Kf3 Rf4+ 31. Ke3 Rc3+ 32. Rd3 Rxd3+ 33. Kxd3
b4 34. Rc1 Rf3+ 35. Kd2 Rc3 36. Rxc3 bxc3+ 37. Kxc3 Kd8 38. Kc4 Kc8 39. a4 Kb7
40. Kb5 f5 41. exf5 e4 42. Kc4 e3 43. Kd3 e2 44. Kxe2 Kc6 45. Kd3 Kxd6 46. Kd4
h5 47. Ke4 f6 48. Kd4 Kc6 49. Kc4 d6 50. Kd4 d5 51. Kd3 Kc5 52. Kc3 d4+ 53. Kd3
Kd5 54. Kd2 Ke4 55. Ke2 0-1

[Event "DM 2013"]
[Site "Helsingor"]
[Date "2013.03.30"]
[Round "4"]
[White "Andersen, Kirsten-Johanne"]
[Black "Aalbak, Kurt F. N."]
[Result "1-0"]
[WhiteElo "1497"]
[BlackElo "1413"]
[PlyCount "81"]
[EventDate "2013.??.??"]
[EventRounds "9"]
[EventCountry "DEN"]

1. e4 e6 2. Nf3 c5 3. Nc3 a6 4. d4 Qc7 5. d5 d6 6. Be2 Be7 7. Be3 e5 8. a3 Nf6
9. Nd2 O-O 10. O-O b5 11. Na2 Bd7 12. b3 Be8 13. f3 Nbd7 14. c3 Nb6 15. Bf2
Nfd7 16. c4 Nf6 17. Be1 Nh5 18. g3 g6 19. Rf2 Bf6 20. Nf1 Ng7 21. Ba5 Qb7 22.
Bd2 Nc8 23. Qc1 Bd8 24. Bh6 Ne7 25. f4 b4 26. a4 f5 27. fxe5 dxe5 28. Qd2 Qa7
29. Bd3 Rf7 30. Bc2 a5 31. Nc1 Bd7 32. Qe3 Nh5 33. Nd3 Rc8 34. Nd2 Nf6 35. h3
Bc7 36. Raf1 Nh5 37. Kg2 Ng7 38. Nf3 Bd8 39. Nfxe5 Rf6 40. Nf3 fxe4 41. Qxe4
1-0

[Event "DM 2013"]
[Site "Helsingor"]
[Date "2013.03.31"]
[Round "6"]
[White "Sorensen, Bernhard W"]
[Black "Porsgaard, Per Lykke"]
[Result "0-1"]
[WhiteElo "1527"]
[BlackElo "1458"]
[PlyCount "98"]
[EventDate "2013.??.??"]
[EventRounds "9"]
[EventCountry "DEN"]

1. e4 c5 2. Nf3 g6 3. d4 cxd4 4. Nxd4 Bg7 5. Be3 Nc6 6. Nc3 Nf6 7. f3 O-O 8.
Qd2 d6 9. O-O-O Bd7 10. g4 Bxg4 11. Nxc6 bxc6 12. fxg4 Nxg4 13. Bc4 Nxe3 14.
Qxe3 Qa5 15. Kb1 Rab8 16. Bb3 c5 17. Qd3 Rb4 18. a3 Rd4 19. Qe3 Rb8 20. Ka1
Rxd1+ 21. Rxd1 Bxc3 22. Qxc3 Qxc3 23. bxc3 Kg7 24. Rf1 Rf8 25. Kb1 f5 26. Bd5
f4 27. Kc1 g5 28. h3 h5 29. Kd2 g4 30. hxg4 hxg4 31. Rg1 g3 32. Be6 Kf6 33. Bf5
Rh8 34. Bg4 Rh2+ 35. Kd1 Rf2 36. Bh3 Ke5 37. Bf5 g2 38. Ke1 Rxc2 39. a4 f3 40.
Kd1 f2 41. Rxg2 f1=Q+ 42. Kxc2 Qxg2+ 43. Kb3 Qe2 44. a5 Qb5+ 45. Kc2 c4 46. a6
Kf4 47. Be6 Ke3 48. e5 Qb3+ 49. Kc1 Kd3 0-1

[Event "DM 2013"]
[Site "Helsingor"]
[Date "2013.03.31"]
[Round "6"]
[White "Raad, Mads Bonde"]
[Black "Jensen, Jonbert  M. S."]
[Result "1/2-1/2"]
[WhiteElo "1688"]
[BlackElo "1576"]
[PlyCount "86"]
[EventDate "2013.??.??"]
[EventRounds "9"]
[EventCountry "DEN"]

1. e4 d6 2. d4 Nf6 3. Nc3 g6 4. Be3 Bg7 5. Be2 O-O 6. Qd2 Ng4 7. Bxg4 Bxg4 8.
f3 Bd7 9. O-O-O b5 10. h4 b4 11. Nd5 a5 12. Bh6 c5 13. Bxg7 Kxg7 14. h5 Rh8 15.
hxg6 hxg6 16. Rxh8 Qxh8 17. Nxe7 Qh4 18. Nd5 Bc6 19. dxc5 dxc5 20. Qe3 Na6 21.
Nh3 Re8 22. Qf4 Qxf4+ 23. Nhxf4 f5 24. exf5 gxf5 25. g4 fxg4 26. fxg4 Re4 27.
Nh5+ Kf7 28. Rf1+ Ke6 29. Ndf6 Bb5 30. Nxe4 Bxf1 31. g5 Ke5 32. Nhf6 Bc4 33. b3
Be6 34. Kd2 c4 35. Ke3 cxb3 36. cxb3 Nc7 37. g6 Nd5+ 38. Nxd5 Bxd5 39. g7 Bg8
40. Nc5 Kf6 41. Nb7 a4 42. Nc5 axb3 43. axb3 Kxg7 1/2-1/2

[Event "DM 2013"]
[Site "Helsingor"]
[Date "2013.03.31"]
[Round "4"]
[White "Larsen, Vagn"]
[Black "Haarup, Anders"]
[Result "1-0"]
[WhiteElo "1652"]
[BlackElo "1484"]
[PlyCount "72"]
[EventDate "2013.??.??"]
[EventRounds "9"]
[EventCountry "DEN"]

1. e4 e5 2. Nf3 f5 3. d3 d6 4. exf5 Bxf5 5. Nc3 Nf6 6. Be2 Nc6 7. O-O Be7 8.
Re1 O-O 9. Nd2 Nd4 10. Nde4 Qd7 11. Nxf6+ Rxf6 12. Nd5 Rf7 13. Nxe7+ Qxe7 14.
c3 Nxe2+ 15. Rxe2 Raf8 16. Qb3 b6 17. d4 Bd3 18. Re3 e4 19. Rg3 Kh8 20. Be3 Rf5
21. Qd1 Qf7 22. Qg4 Rxf2 23. h3 Rxb2 24. Kh2 Rc2 25. a4 Rxc3 26. Rd1 Ra3 27. d5
Ra2 28. Bd4 Rg8 29. Qe6 Qf8 30. Rc1 Rc2 31. Rd1 Rc4 32. Ba1 Rxa4 33. Rg4 Be2
34. Rh4 Bxd1 35. Qh6 Qf5 36. Rh5 Qxh5 1-0

[Event "DM 2013"]
[Site "Helsingor"]
[Date "2013.04.01"]
[Round "7"]
[White "Thybo, Thomas"]
[Black "Sorensen, Bernhard W"]
[Result "1-0"]
[WhiteElo "1492"]
[BlackElo "1527"]
[PlyCount "133"]
[EventDate "2013.??.??"]
[EventRounds "9"]
[EventCountry "DEN"]

1. d4 e6 2. c4 c6 3. Nc3 f5 4. Bf4 Nf6 5. Nf3 d5 6. e3 Nbd7 7. Be2 Ne4 8. Qc2
Ndf6 9. Nxe4 Nxe4 10. Ne5 Be7 11. Bh5+ g6 12. Bf3 O-O 13. Bh6 Re8 14. Bxe4 Bb4+
15. Ke2 dxe4 16. c5 Qh4 17. Bf4 Qh5+ 18. g4 fxg4 19. Qxe4 Qf5 20. Kd3 h5 21.
Nc4 Rd8 22. Nd6 Qxe4+ 23. Kxe4 b5 24. Rhg1 Kh7 25. a3 Ba5 26. Nf7 Rf8 27. Ng5+
Kg8 28. h3 gxh3 29. Nxh3 Kh7 30. Ng5+ Kg8 31. Rg2 Bd8 32. Rag1 e5 33. dxe5 Bf5+
34. Kd4 Be7 35. e4 Rad8+ 36. Kc3 Bg4 37. Be3 Bxg5 38. Bxg5 Rf3+ 39. Be3 Kf7 40.
Rg3 Rxg3 41. Rxg3 a5 42. Bg5 Re8 43. Bf6 Rg8 44. Rd3 g5 45. Rd6 Bf3 46. Rxc6
Bxe4 47. Rc7+ Ke6 48. Kd4 Bg2 49. c6 h4 50. Re7+ Kf5 51. c7 Rc8 52. Rf7 Ke6 53.
Rh7 Kf5 54. Bd8 h3 55. Ke3 Kg6 56. Rh8 Kf5 57. f3 g4 58. fxg4+ Kxe5 59. Bf6+
Kxf6 60. Rxc8 h2 61. Rh8 Bb7 62. Rxh2 Ke7 63. Rh7+ Kd6 64. g5 Bc8 65. g6 Bd7
66. Rxd7+ Kxd7 67. g7 1-0

[Event "DM 2013"]
[Site "Helsingor"]
[Date "2013.04.01"]
[Round "5"]
[White "Nissen, Jesper B"]
[Black "Larsen, Vagn"]
[Result "0-1"]
[WhiteElo "1497"]
[BlackElo "1652"]
[PlyCount "120"]
[EventDate "2013.??.??"]
[EventRounds "9"]
[EventCountry "DEN"]

1. f4 d5 2. Nf3 e6 3. e3 Nc6 4. Bb5 Bd7 5. b3 Nf6 6. Bb2 g6 7. O-O Bg7 8. Nc3
O-O 9. Bxc6 Bxc6 10. d3 Ng4 11. Qe1 Nxe3 12. Qxe3 d4 13. Qd2 dxc3 14. Bxc3 Qd5
15. Bxg7 Kxg7 16. Ne5 Rad8 17. Nxc6 Qxc6 18. c3 Rd5 19. d4 Rfd8 20. Qe3 b6 21.
Qf3 Qd6 22. g3 c5 23. Rad1 cxd4 24. c4 Rc5 25. Rf2 Rc7 26. Rfd2 Qc5 27. Kf1
Rcd7 28. Qe4 Rd6 29. Re1 Qc6 30. Qxc6 Rxc6 31. Red1 Rcd6 32. Ke2 f5 33. Kf3 Kf6
34. h4 h6 35. a4 e5 36. fxe5+ Kxe5 37. Re1+ Kf6 38. Rd3 g5 39. hxg5+ hxg5 40.
Rh1 Re6 41. Rh6+ Ke5 42. Rh7 g4+ 43. Kf2 Ke4 44. Rd2 d3 45. Rh5 f4 46. gxf4
Kxf4 47. Rd5 g3+ 48. Kf1 Rxd5 49. cxd5 Re3 50. d6 Rf3+ 51. Kg1 Ke4 52. d7 Rf8
53. Rd1 Rd8 54. Kg2 Rxd7 55. Kxg3 Ke3 56. Kg2 Rf7 57. Re1+ Kd2 58. Ra1 Kc3 59.
Rc1+ Kxb3 60. Rd1 Kc2 0-1

[Event "DM 2013"]
[Site "Helsingor"]
[Date "2013.04.01"]
[Round "7"]
[White "Jensen, Jonbert  M. S."]
[Black "Haugaard, Thomas"]
[Result "1-0"]
[WhiteElo "1576"]
[BlackElo "1627"]
[PlyCount "53"]
[EventDate "2013.??.??"]
[EventRounds "9"]
[EventCountry "DEN"]

1. e4 c5 2. Nf3 d6 3. Bc4 e6 4. O-O Nc6 5. d4 cxd4 6. Nxd4 Nf6 7. Nc3 Be7 8.
Nxc6 bxc6 9. Qe2 O-O 10. Bb3 a5 11. Na4 Ba6 12. c4 Nd7 13. Bc2 Ne5 14. b3 Bf6
15. Bb2 Qc7 16. f4 Nd7 17. Bxf6 Nxf6 18. e5 Nd5 19. Rf3 Qa7+ 20. Kh1 Nb4 21.
Bxh7+ Kh8 22. Rh3 Qd4 23. Be4+ Kg8 24. Rd1 Qa7 25. Rh8+ Kxh8 26. Qh5+ Kg8 27.
Qh7# 1-0

[Event "DM 2013"]
[Site "Helsingor"]
[Date "2013.04.01"]
[Round "5"]
[White "Aalbak, Kurt F. N."]
[Black "Dithlevsen, Birgit"]
[Result "0-1"]
[WhiteElo "1413"]
[BlackElo "1533"]
[PlyCount "109"]
[EventDate "2013.??.??"]
[EventRounds "9"]
[EventCountry "DEN"]

1. d4 d5 2. c4 dxc4 3. Qa4+ c6 4. Qxc4 Be6 5. Qd3 Na6 6. a3 Nf6 7. e4 Qb6 8.
Nc3 Rd8 9. Nf3 Nd7 10. Qe2 Bg4 11. d5 cxd5 12. Nxd5 Qd6 13. Bf4 e5 14. Bd2 Rc8
15. h3 Be6 16. Nc3 Nc7 17. Ng5 Be7 18. Nxe6 Qxe6 19. g3 O-O 20. Bg2 Nc5 21. O-O
Nb3 22. Rad1 Nd4 23. Qg4 Qxg4 24. hxg4 b6 25. Be3 Nc2 26. Nd5 Nxd5 27. exd5 Bd6
28. Bd2 a5 29. Bc3 Nxa3 30. bxa3 Rxc3 31. Rb1 Rb8 32. a4 Rc4 33. Rfc1 Rxa4 34.
Rc6 Rb4 35. Rbc1 Bc5 36. d6 Rd4 37. Rb1 Rxd6 38. Rxc5 g6 39. Rxe5 Rbd8 40. Bf1
Kg7 41. Reb5 Rd4 42. Rxb6 Rxg4 43. Ra6 a4 44. Bb5 h5 45. Rf1 h4 46. Kg2 hxg3
47. fxg3 Rd2+ 48. Kh3 Rg5 49. Rxa4 Rxb5 50. Rff4 Rf5 51. Rxf5 gxf5 52. Ra5 Kg6
53. Ra6+ Kg5 54. Ra8 Rd3 55. Kg2 0-1